000 00727nam2a2200205 4500
001 RU\NLR\PER_A\011558973_000430
005 20250623212000.0
035 _a(NLR Aleph) 012121535
090 _a11995660
_c11995660
100 _a20191016d2019 |||y0rusy50 ca
101 0 _arus
102 _aRU
200 0 _a2019, № 8 (22)
210 _d2019
_aБ. м.
461 0 _1001RU\NLR\BIBL_A\011558973
_12001#$aНаша кухня. Салаты и закуски$fТолока$v2019, № 8 (22)
_912271786
_cСмоленск
_d2017 -
_fТолока
_nТолока
_tНаша кухня. Салаты и закуски
_x2587-960X
_v2019, № 8 (22)
852 _aNLR
_jП11/6194
942 _cISSUE
980 _aNB
980 _aRUSPER